Un sistema de gestión del capital humano en la EMCE basado en las competencias laborales
Trata de un sistema de gestión del capital humano en la basado en las competencias laborales.
Збережено в:
| Автор: | |
|---|---|
| Співавтор: | |
| Інші автори: | |
| Формат: | eКнига |
| Мова: | Іспанська |
| Опубліковано: |
La Habana :
Instituto Superior Politécnico José Antonio Echeverría. CUJAE,
2010.
|
| Предмети: | |
| Онлайн доступ: | https://elibro.unach.elogim.com/es/lc/unach/titulos/85804 |
| Теги: |
Додати тег
Немає тегів, Будьте першим, хто поставить тег для цього запису!
|
MARC
| LEADER | 00000nam a2200000 a 4500 | ||
|---|---|---|---|
| 001 | ELB85804 | ||
| 003 | FlNmELB | ||
| 006 | m o d | | ||
| 007 | cr cn||||||||| | ||
| 008 | 201201r2010 cu |||||s|||||||||||spa d | ||
| 024 | 8 | |z 71208043110 | |
| 035 | |a (MiAaPQ)EBC3202698 | ||
| 035 | |a (Au-PeEL)EBL3202698 | ||
| 035 | |a (CaPaEBR)ebr10609675 | ||
| 035 | |a (OCoLC)929377538 | ||
| 040 | |a FlNmELB |b spa |c FlNmELB | ||
| 050 | 4 | |a T1 |b P259 2010 | |
| 080 | |a 62 | ||
| 082 | 0 | 4 | |a 600 |2 22 |
| 100 | 1 | |a Parra Rojas, Rodolfo Antonio. | |
| 245 | 1 | 3 | |a Un sistema de gestión del capital humano en la EMCE basado en las competencias laborales |h [recurso electronico] |c Rodolfo Antonio Parra Rojas. |
| 260 | |a La Habana : |b Instituto Superior Politécnico José Antonio Echeverría. CUJAE, |c 2010. | ||
| 300 | |a 169 p. | ||
| 500 | |a Tesis (maestría) - Instituto Superior Politécnico José Antonio Echeverría CUJAE. | ||
| 520 | |a Trata de un sistema de gestión del capital humano en la basado en las competencias laborales. | ||
| 533 | |a Recurso electrónico. Santa Fe, Arg.: e-libro, 2015. Disponible vía World Wide Web. El acceso puede estar limitado para las bibliotecas afiliadas a e-libro. | ||
| 650 | 4 | |a Technology. |x General. | |
| 650 | 4 | |a Tecnología. |x General. | |
| 655 | 4 | |a Libros electrónicos. | |
| 700 | 1 | |a Alonso Suárez, Clara. |4 drt | |
| 710 | 2 | |a e-libro, Corp. | |
| 856 | 4 | 0 | |u https://elibro.unach.elogim.com/es/lc/unach/titulos/85804 |